Statistics for Top 25 NBA players All-Time

Click here to take the quiz!

General Stats

  • This quiz has been taken 28,220 times
    (25,959 since last reset)
  • The average score is 21 of 25

Answer Stats

Rank No.Known For / NicknameAnswer% Correct
1"The Shot"Michael Jordan
98%
5100 PointsWilt Chamberlain
98%
2SkyhookKareem Abdul-Jabbar
96%
9Breaking BackboardsShaquille O'Neal
96%
711 ChampionshipsBill Russell
95%
3"The Block"LeBron James
94%
14Dr. JJulius Erving
92%
10The DreamHakeem Olajuwon
91%
13The LogoJerry West
90%
22The DurantulaKevin Durant
90%
25Steals and Defense, He is Robin if MJ is BatmanScottie Pippen
90%
16The MailmanKarl Malone
89%
4Baby Skyhook to Win Finals GameMagic Johnson
87%
8Big FundamentalTim Duncan
87%
6______ LegendLarry Bird
86%
15Chairman of the BoardsMoses Malone
86%
19Assist MasterJohn Stockton
84%
12The DaggerKobe Bryant
84%
11The Big OOscar Robertson
84%
18Chuckster / The Round MoundCharles Barkley
82%
23Baby FaceStephen Curry
82%
17German JesusDirk Nowitzki
81%
20The AdmiralDavid Robinson
75%
21The Big TicketKevin Garnett
72%
24Mr. InsideElgin Baylor
34%

Score Distribution

Percentile by Number Answered

Percent of People with Each Score

Your Score History

You have not taken this quiz since the last reset